00650nam a2200181 a 450000100100000000500170001000800410002704000250006808200150009310000280010824500790013626001090021530000210032465000260034565000290037165000240040065000440042400001291420200929163111.0091118s19uu dr 000 0 spa d aDO-SdBNPbspacBNPHU a109bG215f1 aGarcía Bacca, Juan D.10aFragmentos filosóficos de los presocráticos /cJuan D. García Bacca. aCaracas :bInstituto de Filosofía Facultad de Humanidades y Educación Central de Venezuela,c[19??]. a359 p. ;c24 cm. 4aFilosofíaxPoesía 4aFilosofíaxColecciones 4aFilosofìa antigua 4aCiencias socialesxEnseñanza superior